000
00212 a2200097 4500
001
29702
100
_a
Elegerd
245
_a
Basic electric power engineering
260
_a
_b
Wesley
_c
1977
090
_c
19722
_d
19722
942
_a
NUST-CAE
_c
M
_c
10805
999
_c
264775
_d
264775